00404nam a2200181Ia 4500008004100000020001800041050001400059100001800073245001200091245001800103260001500121260001600136260000900152300001600161300002700177300001000204500000800214170918s9999 xx 000 0 und d a9780545172790 bW549 2010 aWeyn, Suzanne aEmpty / cSuzanne Weyn. aNew York : bScholastic, c2010 a183 pages : bcolored illustration ; c20cm. a790